00977nam a2200217 a 450000100100000000500170001000800410002702000180006804000250008610000510011124500630016226000470022530000200027249000220029250000630031483000290037795201200040695201050052695201110063199900170074200003849620240228140233.0130412s2012 dr 000 0 spa d a9789945165074 aDO-SdBNPbspacBNPHU1 aJovine Bermúdez, Federico,d1944-201792542510a¿Te atreverías a saltar? /cFederico Jovine Bermúdez. aSanto Domingo :bEdiciones Bangó,c2012. a63 p. ;c23 cm.1 aClásicos de hoy aIncluye datos biográficos del autor en la contracubierta 0aClásicos de hoy964848 001054708DSaGRbGRcCTd2013-04-12iLF1l0o p38496-30r2020-06-25te. 3w2020-06-25yLFDSZPréstamo en sala 0010718PDaPDbPDcCTd2013-04-12iLF1l0o p38496-10r2020-06-25w2020-06-25yLFPDZNo se presta 0010718PDaPDbPDcCTd2013-04-12iLF1l0o p38496-20r2020-06-25te. 2w2020-06-25yLFPDZNo se presta c37986d37986